Normal view
MARC view
- Aishwarya M S
Entry Personal Name
001 - CONTROL NUMBER
- control field: 5201
003 - CONTROL NUMBER IDENTIFIER
- control field: OSt
005 - DATE AND TIME OF LATEST TRANSACTION
- control field: 20220615101354.0
008 - FIXED-LENGTH DATA ELEMENTS
- fixed length control field: 220615|| aca||aabn | a|a d
040 ## - CATALOGING SOURCE
- Original cataloging agency: OSt
- Transcribing agency: OSt
100 ## - HEADING--PERSONAL NAME
- Personal name: Aishwarya M S
670 ## - SOURCE DATA FOUND
- Source citation: Work cat.: (OSt)17517: Aishwarya M S, Soil less estimation and spatial mapping using RUSLE and GIS- A case study in Kurumanpuzha sub watershed of Chaliyar river basin, 2022
